[Event "Pocos de Caldas op"]
[Site "Pocos de Caldas"]
[Date "2022.03.12"]
[Round "3"]
[White "Nakata, Thifanni Harumi"]
[Black "Silva, Liara Blanco"]
[Result "1/2-1/2"]
[WhiteElo "1798"]
[BlackElo "1395"]
[PlyCount "50"]
[EventDate "2022.03.11"]
[EventType "swiss"]
[EventRounds "6"]
[EventCountry "BRA"]
[SourceTitle "CBM 207 Extra"]
[Source "ChessBase"]
[SourceDate "2022.05.31"]
[SourceVersion "1"]
[SourceVersionDate "2022.05.31"]
[SourceQuality "1"]

1. d4 Nf6 2. c4 e6 3. Nc3 Bb4 4. e3 0-0 5. Nge2 d5 6. a3 Be7 7. Nf4 Re8 8. Be2 dxc4 9. Bxc4 a6 10. 0-0 b5 11. Ba2 Bb7 12. Qe2 Nbd7 13. Rd1 Bf8 14. Nd3 Qc8 15. b4 e5 16. dxe5 Nxe5 17. Bb2 Nxd3 18. Qxd3 Qg4 19. Qf1 c5 20. bxc5 Bxc5 21. Nd5 Nxd5 22. Bxd5 Bxd5 23. Rxd5 Rac8 24. Rad1 Bf8 25. R5d4 Qf5 1/2-1/2

[Event "Sao Paulo Hebraica op 28th"]
[Site "Sao Paulo"]
[Date "2022.01.16"]
[Round "6"]
[White "Silva, Liara Blanco"]
[Black "Correia da Silva, Gabriel Medeiros"]
[Result "1-0"]
[WhiteElo "1397"]
[BlackElo "1215"]
[PlyCount "41"]
[EventDate "2022.01.14"]
[EventType "swiss"]
[EventRounds "6"]
[EventCountry "BRA"]
[SourceTitle "CBM 206 Extra"]
[Source "ChessBase"]
[SourceDate "2022.03.31"]
[SourceVersion "1"]
[SourceVersionDate "2022.03.31"]
[SourceQuality "1"]

1. e4 c5 2. Nf3 d6 3. d4 cxd4 4. Nxd4 Nf6 5. Nc3 g6 6. f3 Bg7 7. Be3 0-0 8. Qd2 Nc6 9. 0-0-0 Nxd4 10. Bxd4 Be6 11. g4 Qa5 12. a3 Rfc8 13. g5 Nh5 14. Bxg7 Kxg7 15. Ne2 Rxc2+ 16. Kxc2 Rc8+ 17. Kb1 Qa4 18. Qd4+ Qxd4 19. Nxd4 Bc4 20. Bxc4 Rxc4 21. Ne2 1-0

[Event "Pan American-ch U1700"]
[Site "Timbo"]
[Date "2021.12.05"]
[Round "9"]
[White "Silva, Liara Blanco"]
[Black "Da Silva Neto, Nelson Mauricio"]
[Result "1-0"]
[WhiteElo "1328"]
[BlackElo "1482"]
[PlyCount "67"]
[EventDate "2021.12.01"]
[EventType "swiss"]
[EventRounds "9"]
[EventCountry "BRA"]
[SourceTitle "CBM 205 Extra"]
[Source "ChessBase"]
[SourceDate "2022.01.31"]
[SourceVersion "1"]
[SourceVersionDate "2022.01.31"]
[SourceQuality "1"]

1. e4 e5 2. Nf3 Nc6 3. Bb5 a6 4. Ba4 b5 5. Bb3 Nf6 6. d3 Bc5 7. 0-0 d6 8. h3 Na5 9. c3 Nxb3 10. Qxb3 Be6 11. Qc2 0-0 12. Bg5 Qd7 13. Kh2 Nh5 14. d4 Bc4 15. Rd1 h6 16. dxc5 hxg5 17. Nxe5 Qe6 18. Nxc4 bxc4 19. cxd6 cxd6 20. Rd5 Nf4 21. Rxg5 Rfe8 22. Nd2 Rad8 23. b3 d5 24. e5 Qh6 25. Qf5 Nd3 26. f4 d4 27. Nxc4 dxc3 28. Nd6 Rxd6 29. exd6 Qxd6 30. Rd1 Rd8 31. Rg3 c2 32. Rdxd3 c1Q 33. Rxd6 Rxd6 34. Qe5 1-0

[Event "Pan American-ch U1700"]
[Site "Timbo"]
[Date "2021.12.03"]
[Round "5"]
[White "De Abreu, Vinicius Lindoso"]
[Black "Silva, Liara Blanco"]
[Result "0-1"]
[WhiteElo "1581"]
[BlackElo "1328"]
[PlyCount "100"]
[EventDate "2021.12.01"]
[EventType "swiss"]
[EventRounds "9"]
[EventCountry "BRA"]
[SourceTitle "CBM 205 Extra"]
[Source "ChessBase"]
[SourceDate "2022.01.31"]
[SourceVersion "1"]
[SourceVersionDate "2022.01.31"]
[SourceQuality "1"]

1. d4 Nf6 2. c4 e6 3. Nc3 Bb4 4. Qc2 d6 5. e4 Bxc3+ 6. bxc3 e5 7. Bd3 Qe7 8. Ne2 Nbd7 9. Bg5 h6 10. Bh4 0-0 11. 0-0 Qe6 12. f4 b6 13. f5 Qe8 14. Ng3 Bb7 15. Qe2 g5 16. fxg6 fxg6 17. Bxf6 Nxf6 18. Rf2 Qe7 19. h3 Rae8 20. d5 Bc8 21. Qe3 Kh7 22. Raf1 Nd7 23. Bc2 Nc5 24. Rxf8 Rxf8 25. Rxf8 Qxf8 26. Ne2 Ba6 27. Bb3 Qf6 28. g3 Qg5 29. Qf3 Kg7 30. Kf2 Qd2 31. Qg4 Qd3 32. Qf3 Qxe4 33. Qxe4 Nxe4+ 34. Ke3 Nc5 35. Ng1 Kf6 36. Nf3 g5 37. Ne1 Kf5 38. g4+ Kf6 39. Nc2 Bb7 40. Na3 a6 41. Nb1 c6 42. Nd2 cxd5 43. cxd5 Nxb3 44. axb3 Bxd5 45. c4 Bg2 46. Ne4+ Bxe4 47. Kxe4 Ke6 48. b4 b5 49. cxb5 axb5 50. Kf3 Kd5 0-1

[Event "Pan American-ch U1700"]
[Site "Timbo"]
[Date "2021.12.02"]
[Round "3"]
[White "Nobre, Jailson Altair Barb"]
[Black "Silva, Liara Blanco"]
[Result "1-0"]
[WhiteElo "1616"]
[BlackElo "1328"]
[PlyCount "69"]
[EventDate "2021.12.01"]
[EventType "swiss"]
[EventRounds "9"]
[EventCountry "BRA"]
[SourceTitle "CBM 205 Extra"]
[Source "ChessBase"]
[SourceDate "2022.01.31"]
[SourceVersion "1"]
[SourceVersionDate "2022.01.31"]
[SourceQuality "1"]

1. Nf3 e6 2. c4 d5 3. g3 Nf6 4. Bg2 Be7 5. b3 d4 6. 0-0 c5 7. e3 Nc6 8. exd4 cxd4 9. d3 e5 10. Re1 Nd7 11. Qe2 f6 12. Nh4 0-0 13. Nf5 Nc5 14. Nxe7+ Qxe7 15. Ba3 Bf5 16. Bxc5 Qxc5 17. a3 a5 18. Nd2 Rab8 19. Bd5+ Kh8 20. Ne4 Qe7 21. Qd2 Qc7 22. Nc5 Ne7 23. Ne6 Bxe6 24. Bxe6 Qb6 25. Bd5 Qxb3 26. Reb1 Qc3 27. Qd1 a4 28. Rb4 Nc6 29. Rxa4 Ra8 30. Rxa8 Rxa8 31. a4 Qa5 32. Bf3 Ra6 33. Be4 Rb6 34. Qh5 Kg8 35. Qe8# 1-0

[Event "BRA-ch U18 Girls"]
[Site "Florianopolis"]
[Date "2021.07.02"]
[Round "2"]
[White "Silva, Liara Blanco"]
[Black "Nagel, Yasmin Da Silva"]
[Result "0-1"]
[WhiteElo "1264"]
[BlackElo "1340"]
[PlyCount "146"]
[EventDate "2021.07.01"]
[EventType "swiss"]
[EventRounds "6"]
[EventCountry "BRA"]
[SourceTitle "CBM 203 Extra"]
[Source "ChessBase"]
[SourceDate "2021.09.30"]
[SourceVersion "1"]
[SourceVersionDate "2021.09.30"]
[SourceQuality "1"]

1. e4 e5 2. Nf3 Nc6 3. Bb5 a6 4. Ba4 Nf6 5. d3 d6 6. c3 Be7 7. 0-0 0-0 8. h3 h6 9. Nbd2 b5 10. Bc2 Re8 11. Re1 Bf8 12. d4 Bd7 13. Nf1 Nh5 14. Nxe5 dxe5 15. Qxh5 exd4 16. cxd4 Nxd4 17. Bb1 Qc8 18. Re3 Re6 19. e5 g6 20. Qd1 c5 21. Ng3 Bg7 22. f4 Qd8 23. Ne4 Qb6 24. b3 Nf5 25. Qxd7 Nxe3 26. Bxe3 Rd8 27. Bxc5 Rxd7 28. Bxb6 Rd1+ 29. Kf2 Rxb6 30. Ke2 Rd8 31. Bd3 f5 32. Nc3 b4 33. Na4 Rbd6 34. Rd1 Rd4 35. Nc5 Kf7 36. Bc4+ Ke7 37. Rxd4 Rxd4 38. Ke3 Rd1 39. Bxa6 Ra1 40. Nd3 Rxa2 41. Nxb4 Rxg2 42. Bf1 Rg3+ 43. Kf2 Rxb3 44. Nd5+ Kf7 45. Bc4 Rxh3 46. Nf6+ Kf8 47. Nd7+ Ke7 48. Nb6 Kd8 49. Nd5 g5 50. Bf1 Ra3 51. fxg5 hxg5 52. e6 Bd4+ 53. Kg2 Ra2+ 54. Kg3 Be5+ 55. Kf3 g4+ 56. Ke3 Ra5 57. Bc4 g3 58. Kf3 Rc5 59. Ba2 g2 60. Bb3 Rxd5 61. Kxg2 Rb5 62. Bc4 Rc5 63. Bb3 Ke7 64. Kf1 Rc6 65. Ke2 Rxe6 66. Bxe6 Kxe6 67. Ke3 f4+ 68. Ke4 Kf6 69. Kf3 Kg5 70. Kf2 Kg4 71. Kf1 Kf3 72. Ke1 Kg2 73. Ke2 f3+ 0-1

[Event "BRA-ch U18 Girls"]
[Site "Florianopolis"]
[Date "2021.07.01"]
[Round "1"]
[White "Feller, Gabriela Luisa Vice"]
[Black "Silva, Liara Blanco"]
[Result "1-0"]
[WhiteElo "1821"]
[BlackElo "1264"]
[PlyCount "99"]
[EventDate "2021.07.01"]
[EventType "swiss"]
[EventRounds "6"]
[EventCountry "BRA"]
[SourceTitle "CBM 203 Extra"]
[Source "ChessBase"]
[SourceDate "2021.09.30"]
[SourceVersion "1"]
[SourceVersionDate "2021.09.30"]
[SourceQuality "1"]

1. d4 Nf6 2. c4 e6 3. Nf3 b6 4. Bg5 Be7 5. Nc3 Bb7 6. e3 0-0 7. Bd3 c5 8. 0-0 Nc6 9. Rc1 d6 10. Bb1 Re8 11. Qd3 g6 12. Rfd1 Bf8 13. dxc5 Nb4 14. Qd4 e5 15. Qh4 Kg7 16. cxd6 Re6 17. Be4 Rb8 18. Bxb7 Rxb7 19. Ne4 Rd7 20. Nxe5 Rb7 21. Bxf6+ Rxf6 22. Nxf6 Qxf6 23. Qxf6+ Kxf6 24. d7 Be7 25. Ng4+ Kg7 26. d8Q Bxd8 27. Rxd8 Nxa2 28. Rcd1 Nb4 29. Rc8 g5 30. Rdd8 Kg6 31. e4 Re7 32. Rg8+ Kh5 33. f3 Nd3 34. Rh8 f5 35. Rxh7+ Rxh7 36. Nf6+ Kg6 37. Nxh7 Kxh7 38. b3 fxe4 39. fxe4 Nc5 40. e5 Kg6 41. b4 Ne6 42. c5 bxc5 43. bxc5 Kf7 44. c6 Ke7 45. Ra8 a5 46. Rxa5 Kd8 47. Rd5+ Kc7 48. g3 Nd8 49. Rxd8 Kxd8 50. e6 1-0

[Event "Sao Paulo Haroldo Salles op"]
[Site "Sao Paulo"]
[Date "2019.05.11"]
[Round "6.18"]
[White "Katsuyama, Eric Shih"]
[Black "Silva, Liara Blanco"]
[Result "0-1"]
[WhiteElo "1037"]
[BlackElo "1267"]
[PlyCount "120"]
[EventDate "2019.05.09"]
[EventType "swiss"]
[EventRounds "6"]
[EventCountry "BRA"]
[SourceTitle "EXT 2022"]
[Source "ChessBase"]
[SourceDate "2021.10.06"]
[SourceVersion "1"]
[SourceVersionDate "2021.10.06"]
[SourceQuality "1"]

1. e4 e6 2. d4 d5 3. Nd2 Nf6 4. e5 Nfd7 5. Ngf3 c5 6. c3 Nc6 7. Bd3 Qb6 8. dxc5 Bxc5 9. 0-0 Ndxe5 10. Qc2 Nxd3 11. Qxd3 h6 12. b4 Bd6 13. b5 Ne5 14. Nxe5 Bxe5 15. Re1 Bf6 16. Bb2 0-0 17. a4 Bd7 18. Ra2 Rfd8 19. c4 Bxb2 20. Rxb2 dxc4 21. Nxc4 Qc7 22. b6 axb6 23. Nxb6 Ra6 24. Nxd7 Qxd7 25. Qxd7 Rxd7 26. Ra2 Rad6 27. h3 Rd1 28. Rxd1 Rxd1+ 29. Kh2 Rd4 30. a5 Rd5 31. a6 bxa6 32. Rxa6 Kh7 33. Ra7 Kg6 34. Kg3 Rf5 35. f3 Kf6 36. Kf2 Rd5 37. g4 h5 38. Kg3 hxg4 39. hxg4 Kg6 40. Re7 Kf6 41. Ra7 g5 42. Ra6 Kg6 43. Ra4 Rd6 44. Re4 f5 45. gxf5+ exf5 46. Re5 Kf6 47. f4 gxf4+ 48. Kxf4 Rd4+ 49. Kf3 Kxe5 50. Kf2 Rd3 51. Ke2 Ke4 52. Kf2 Re3 53. Kg2 Rf3 54. Kg1 Ke3 55. Kg2 f4 56. Kg1 Rf2 57. Kh1 Kf3 58. Kg1 Kg3 59. Kh1 Ra2 60. Kg1 Ra1# 0-1

[Event "Sao Paulo Haroldo Salles op"]
[Site "Sao Paulo"]
[Date "2019.05.09"]
[Round "2.14"]
[White "Dos Santos Junior, Gabriel Ribeiro"]
[Black "Silva, Liara Blanco"]
[Result "1-0"]
[WhiteElo "1709"]
[BlackElo "1267"]
[PlyCount "89"]
[EventDate "2019.05.09"]
[EventType "swiss"]
[EventRounds "6"]
[EventCountry "BRA"]
[SourceTitle "EXT 2022"]
[Source "ChessBase"]
[SourceDate "2021.10.06"]
[SourceVersion "1"]
[SourceVersionDate "2021.10.06"]
[SourceQuality "1"]

1. d4 d5 2. c4 e6 3. Nc3 Nf6 4. cxd5 exd5 5. Bg5 Be7 6. e3 Nbd7 7. Bd3 b6 8. Nge2 Bb7 9. 0-0 0-0 10. Rc1 c5 11. b3 Rc8 12. Bb1 h6 13. Bh4 Re8 14. h3 Qc7 15. Nb5 Qd8 16. Nxa7 Ra8 17. Nb5 Ba6 18. Nec3 Qc8 19. Re1 Qc6 20. a4 Rad8 21. Bg3 Qb7 22. Nc7 Rf8 23. Qf3 Rc8 24. Nxa6 Qxa6 25. Nxd5 Bd8 26. Bd6 Re8 27. Bf5 Qa8 28. Nxf6+ Nxf6 29. Bxc8 Qxc8 30. dxc5 bxc5 31. Bxc5 Qb8 32. b4 Bc7 33. Red1 Bh2+ 34. Kh1 Bc7 35. Rc4 Bb6 36. Bxb6 Qxb6 37. Qc6 Qxc6 38. Rxc6 Ne4 39. Kg1 Nf6 40. Rcd6 Kh7 41. a5 Rb8 42. R1d4 Ne8 43. Rd8 Rxd8 44. Rxd8 Nf6 45. a6 1-0

[Event "Pan American-ch U14 Girls"]
[Site "Santiago de Chile"]
[Date "2018.07.22"]
[Round "1"]
[White "Silva, Liara Blanco"]
[Black "Sanchez Tobar, Francisca Valentina"]
[Result "0-1"]
[WhiteElo "1347"]
[BlackElo "1682"]
[PlyCount "136"]
[EventDate "2018.07.22"]
[EventType "swiss"]
[EventRounds "9"]
[EventCountry "CHI"]
[SourceTitle "EXT 2022"]
[Source "ChessBase"]
[SourceDate "2021.10.06"]
[SourceVersion "1"]
[SourceVersionDate "2021.10.06"]
[SourceQuality "1"]

1. e4 e5 2. Nf3 Nc6 3. Bb5 d6 4. c3 Nf6 5. d3 Bd7 6. 0-0 Be7 7. Nbd2 0-0 8. Re1 Re8 9. h3 Bf8 10. Nf1 h6 11. Ng3 g6 12. Ba4 Bg7 13. Bc2 d5 14. Be3 dxe4 15. dxe4 Be6 16. Qe2 a6 17. Rad1 Qe7 18. Qd2 Rad8 19. Qc1 Kh7 20. b3 Rxd1 21. Rxd1 Rd8 22. Rxd8 Qxd8 23. Qd2 Qe7 24. Qc1 Nd7 25. Nd2 Bf6 26. Nb1 Bg7 27. Qd2 Qf8 28. Bd1 Qe7 29. Bf3 Qf6 30. Nf1 Nf8 31. Nh2 Qe7 32. Bg4 Qd7 33. Bxe6 Qxd2 34. Nxd2 Nxe6 35. Nhf3 Kg8 36. Kf1 Kf8 37. Ke2 Ke7 38. Kd3 Kd6 39. Nc4+ Kd7 40. Ncd2 Nf4+ 41. Bxf4 exf4 42. Nd4 Bxd4 43. cxd4 Nb4+ 44. Ke2 Nxa2 45. Kf3 Nc1 46. Kxf4 b5 47. Ke3 a5 48. d5 Kd6 49. Kd4 Ne2+ 50. Kd3 Nc1+ 51. Kd4 f6 52. g3 Ne2+ 53. Kd3 Nc1+ 54. Kd4 g5 55. Kc3 Ke5 56. Kc2 Ne2 57. Kd3 Ng1 58. h4 g4 59. Nb1 Nf3 60. Nc3 Nd4 61. Ke3 b4 62. Na4 Nxb3 63. Kd3 Kd6 64. Kc4 Nd2+ 65. Kd3 Nb1 66. Kd4 Nc3 67. Nxc3 bxc3 68. Kxc3 Kc5 0-1

[Event "Pocos de Caldas op"]
[Site "Pocos de Caldas"]
[Date "2018.03.04"]
[Round "6"]
[White "Mendes, Rafael Pacitti"]
[Black "Silva, Liara Blanco"]
[Result "1-0"]
[WhiteElo "1435"]
[BlackElo "1323"]
[PlyCount "87"]
[EventDate "2018.03.02"]
[EventType "swiss"]
[EventRounds "6"]
[EventCountry "BRA"]
[SourceTitle "CBM 183 Extra"]
[Source "ChessBase"]
[SourceDate "2018.04.19"]
[SourceVersion "1"]
[SourceVersionDate "2018.04.19"]
[SourceQuality "1"]

1. d4 Nf6 2. c4 e6 3. Nf3 b6 4. e3 Bb7 5. Be2 d5 6. Nc3 c5 7. 0-0 Be7 8. dxc5 Bxc5 9. cxd5 Nxd5 10. Nxd5 Qxd5 11. Bb5+ Nd7 12. Qxd5 Bxd5 13. Ne5 Rd8 14. Bxd7+ Rxd7 15. Nxd7 Kxd7 16. b3 Ke7 17. Bb2 f6 18. Rac1 Rd8 19. Rfd1 a5 20. h3 Ra8 21. Bd4 Rc8 22. g3 Bf3 23. Bxc5+ bxc5 24. Rd3 e5 25. Rd2 Be4 26. f4 exf4 27. exf4 f5 28. Kf2 Ke6 29. h4 Ke7 30. Rcd1 Bc6 31. Ke3 a4 32. bxa4 Bxa4 33. Re1 Bc6 34. Kd3+ Be4+ 35. Kc3 Kf6 36. a4 Ra8 37. Ra1 Bf3 38. a5 Bb7 39. Rd7 Be4 40. a6 Rc8 41. a7 Bc6 42. Rd6+ Kf7 43. Rxc6 Ra8 44. Rb6 1-0

[Event "Pocos de Caldas op"]
[Site "Pocos de Caldas"]
[Date "2018.03.02"]
[Round "2"]
[White "Cordeiro da Silva, Felipe"]
[Black "Silva, Liara Blanco"]
[Result "1-0"]
[WhiteElo "1780"]
[BlackElo "1323"]
[PlyCount "135"]
[EventDate "2018.03.02"]
[EventType "swiss"]
[EventRounds "6"]
[EventCountry "BRA"]
[SourceTitle "CBM 183 Extra"]
[Source "ChessBase"]
[SourceDate "2018.04.19"]
[SourceVersion "1"]
[SourceVersionDate "2018.04.19"]
[SourceQuality "1"]

1. d4 Nf6 2. Nf3 e6 3. c4 b6 4. g3 Bb7 5. Bg2 d5 6. Ne5 Bd6 7. Bg5 0-0 8. 0-0 Be7 9. Nc3 Nbd7 10. Rc1 c6 11. Re1 Nxe5 12. dxe5 Nd7 13. Bxe7 Qxe7 14. e4 dxc4 15. Qd6 Qxd6 16. exd6 Rfd8 17. e5 b5 18. Nxb5 cxb5 19. Bxb7 Rab8 20. Bg2 Nc5 21. Bf1 Rd7 22. b4 Nb7 23. a4 a6 24. axb5 axb5 25. Ra1 Nd8 26. Ra6 g6 27. f4 Rdb7 28. Bg2 Rb6 29. Rea1 Rxa6 30. Rxa6 h5 31. Kf1 Kg7 32. Ra7 Kf8 33. Ke1 Ke8 34. Kd2 Kf8 35. Kc3 Rc8 36. Rc7 Rb8 37. d7 Ke7 38. Rc8 Rb6 39. Rc7 Ra6 40. Kd4 Ra2 41. Be4 Rxh2 42. Kc5 Rd2 43. Kxb5 Rxd7 44. Rxc4 Ra7 45. Rc3 Kd7 46. Kb6 Ra4 47. Kb5 Ra7 48. Kb6 Ra4 49. Rb3 Kc8 50. Bd3 Kb8 51. Ba6 Nc6 52. Bb5 Rxb4 53. Rxb4 Nxb4 54. Be8 Nd5+ 55. Kc5 f6 56. Bxg6 fxe5 57. fxe5 h4 58. gxh4 Nf4 59. h5 Kc7 60. Bf7 Nxh5 61. Bxh5 Kd7 62. Kb6 Kd8 63. Kc6 Ke7 64. Kc7 Kf8 65. Kd6 Kg7 66. Kxe6 Kf8 67. Kf6 Kg8 68. e6 1-0

[Event "Florianopolis op 4th"]
[Site "Florianopolis"]
[Date "2018.01.19"]
[Round "1"]
[White "Barbosa, Kassio Rodrigo"]
[Black "Silva, Liara Blanco"]
[Result "1-0"]
[WhiteElo "1613"]
[BlackElo "1268"]
[PlyCount "137"]
[EventDate "2018.01.19"]
[EventType "swiss"]
[EventRounds "10"]
[EventCountry "BRA"]
[SourceTitle "CBM 182 Extra"]
[Source "ChessBase"]
[SourceDate "2018.02.23"]
[SourceVersion "1"]
[SourceVersionDate "2018.02.23"]
[SourceQuality "1"]

1. e4 e6 2. Nf3 d5 3. e5 c5 4. c3 Nc6 5. d4 Bd7 6. Bd3 Qb6 7. Qb3 Qxb3 8. axb3 cxd4 9. cxd4 Bb4+ 10. Nc3 Nge7 11. Bd2 a6 12. 0-0 0-0 13. Nh4 Rac8 14. f4 Nxd4 15. Be3 Nxb3 16. Rad1 Bxc3 17. bxc3 Nc5 18. Bb1 Bb5 19. Rf2 Nd7 20. Bd4 Nc6 21. Be3 f6 22. f5 exf5 23. Nxf5 Ndxe5 24. Nd6 Rc7 25. Nxb5 axb5 26. Rxd5 Ng4 27. Bb6 Re7 28. Rf1 Re5 29. Rd7 Re7 30. Ba2+ Kh8 31. Rxe7 Nxe7 32. Bc5 Re8 33. Bf7 Rf8 34. Bh5 Rc8 35. Bxe7 Ne3 36. Rc1 Nd5 37. Bg4 Rc7 38. Bd6 Rc4 39. Ra1 g6 40. Ra8+ Kg7 41. Bf8+ Kf7 42. Bf3 Ke6 43. Bxd5+ Kxd5 44. Bb4 Rc7 45. Kf2 f5 46. Re8 Kc4 47. h4 Rd7 48. h5 Rd2+ 49. Kg1 g5 50. Re7 g4 51. Rxh7 g3 52. Kf1 Rf2+ 53. Kg1 Rd2 54. Rc7+ Kb3 55. Kf1 Rf2+ 56. Ke1 Rxg2 57. h6 Rh2 58. h7 f4 59. Bc5 g2 60. Kf2 f3 61. Kxf3 Rh3+ 62. Kxg2 Rxc3 63. h8Q Rc2+ 64. Bf2 Rxc7 65. Qg8+ Ka4 66. Qa2+ Kb4 67. Be1+ Kc5 68. Qc2+ Kd6 69. Bg3+ 1-0